000 01205cab a2200241 4500
001 ABS37733
008 090401t1987 xxu||||| |||| 00| 0 eng d
035 _a(Sirsi) u6490
041 _aeng
100 _aJolly, B.
245 _aCapital and Counties` experience
260 _c1987
350 _a0
490 _aEstates Gazette
_v282(6336) 30 May 1987, 1082-1086(3)
520 _aThe experience of Capital and Counties in this country and overseas in the development of commercial projects, has enabled them to develop an idea from the United States , the corporate office park . In this article, the author describes the experience of his firm in the development of the Hampshire Corporate Park near Southampton, highlighting the results of research undertaken by themselves into tenants` preferences and how these have been incorporated, and how proper design and management can help to attract first-class tenants and higher rental income.
650 _aAUSTRALIA
650 _aPROPERTY-COMMERCIAL PROPERTY-OFFICE PROPERTY-OFFICE PROPERTY MARKET
650 _aOFFICE PARKS
650 _aTENANTS REQUIREMENTS
690 _aPROPERTY-COMMERCIAL PROPERTY
942 _n0
948 _c04/03/1997
999 _c3892
_d3892